Guanacaste. zona de paso o encrucijada de caminos /

Zapisane w:
Opis bibliograficzny
1. autor: Castillo, Antonio
Format: Texto
Etykiety: Dodaj etykietę
Nie ma etykietki, Dołącz pierwszą etykiete!

MARC

LEADER 00000 a a2200000 04500
001 1416
003
040
100 |a Castillo, Antonio  
245 |a Guanacaste. zona de paso o encrucijada de caminos /  |c Antonio Castillo 
773 |g número 74; páginas 40  
999 |c 29428  |d 29428